000
00337nam a2200145Ia 4500
008
191201s2012 xx 000 0 und d
082
_a
670
_b
JAP
100
_a
JAIN,R.K
245
0
_a
Production Technology
250
_a
Rep
260
_a
N.Delhi
_b
Khanna Publisher
_c
2012
300
_a
1090
650
_a
B.Tech(ME)
942
_2
ddc
_c
BK
_0
3
999
_c
5205
_d
5205